[Event "Monsaraz op"]
[Site "Monsaraz"]
[Date "2023.11.27"]
[Round "8"]
[White "Albornoz Cabrera, Carlos Daniel"]
[Black "Vignesh, B2."]
[Result "1-0"]
[WhiteElo "2585"]
[BlackElo "2140"]
[PlyCount "45"]
[EventDate "2023.11.21"]
[EventType "swiss"]
[EventRounds "9"]
[EventCountry "POR"]
[SourceTitle "CB49_2023"]
[SourceDate "2023.12.06"]
[SourceVersion "1"]
[SourceVersionDate "2023.12.06"]
[SourceQuality "1"]

1. e4 e5 2. Nf3 Nc6 3. Bb5 a6 4. Ba4 Nf6 5. 0-0 Nxe4 6. d4 b5 7. Bb3 d5 8. dxe5 Be6 9. Be3 Be7 10. c3 0-0 11. Nbd2 Qd7 12. Bc2 Nxd2 13. Qxd2 f6 14. exf6 Bxf6 15. Bc5 Be7 16. Bxe7 Nxe7 17. Rfe1 Rf6 18. Ng5 h6 19. Nxe6 Rxe6 20. Rxe6 Qxe6 21. Re1 Qf6 22. Rxe7 Qxe7 23. Qxd5+ 1-0

[Event "Monsaraz Rapid op"]
[Site "Monsaraz"]
[Date "2023.11.25"]
[Round "7"]
[White "Albornoz Cabrera, Carlos Daniel"]
[Black "Mitrabha, Guha"]
[Result "0-1"]
[WhiteElo "2585"]
[BlackElo "2516"]
[PlyCount "96"]
[EventDate "2023.11.25"]
[EventType "swiss (rapid)"]
[EventRounds "9"]
[EventCountry "POR"]
[SourceTitle "CB48_2023"]
[SourceDate "2023.11.29"]
[SourceVersion "1"]
[SourceVersionDate "2023.11.29"]
[SourceQuality "1"]

1. e4 c6 2. d4 d5 3. e5 Bf5 4. Nf3 e6 5. Be2 Ne7 6. 0-0 Ng6 7. c3 Nd7 8. Ne1 h5 9. g3 Bh3 10. Ng2 h4 11. Bg4 hxg3 12. fxg3 Bxg4 13. Qxg4 Qc7 14. Nd2 Ne7 15. Qf3 f5 16. exf6 gxf6 17. Nf4 e5 18. Ne6 Qd6 19. Nxf8 Rxf8 20. Qh5+ Kd8 21. dxe5 fxe5 22. Rxf8+ Nxf8 23. Nf3 Neg6 24. Bh6 Kc7 25. Re1 Nd7 26. Bg7 e4 27. Nd4 Nge5 28. Bxe5 Qxe5 29. Qf7 Re8 30. Rf1 Re7 31. Qg8 a6 32. b4 e3 33. Ne2 Qe4 34. Qg5 Re5 35. Qf4 Qd3 36. Qg4 Re4 37. Qh5 Kb6 38. a4 a5 39. bxa5+ Kxa5 40. Rf7 Nc5 41. Rf8 Rxa4 42. Ra8+ Kb5 43. Rxa4 Nxa4 44. Nd4+ Kc4 45. Nf3 Kb3 46. Qg4 Nxc3 47. Kg2 Ne4 48. Ne5 Qc2+ 0-1